La guerra de Tetuán según un historiador marroquí contemporáneo (Record no. 20986)

MARC details
000 -LEADER
campo de control de longitud fija 00732nam a2200181 i 4500
001 - NÚMERO DE CONTROL
campo de control 20986
003 - IDENTIFICADOR DE NÚMERO DE CONTROL
campo de control ES-MaACL
005 - FECHA Y HORA DE LA ÚLTIMA TRANSACCIÓN
campo de control 20250802063100.0
007 - CAMPO FIJO DE DESCRIPCIÓN FÍSICA--INFORMACIÓN GENERAL
campo de control de longitud fija t|
008 - DATOS DE LONGITUD FIJA--INFORMACIÓN GENERAL
campo de control de longitud fija 021120s1920 sp ||||1| spa d
100 1# - ENTRADA PRINCIPAL--NOMBRE DE PERSONA
Nombre de persona Alarcón, Maximiliano,
Fechas asociadas al nombre 1880-1933
9 (RLIN) 19144
245 13 - MENCIÓN DEL TÍTULO
Título La guerra de Tetuán según un historiador marroquí contemporáneo
Resto del título : memoria presentada para obtener el grado de Doctor en la Facultad de Filosofía y Letras /
Mención de responsabilidad, etc. por Maximiliano Alarcón Santón.
260 ## - PUBLICACIÓN, DISTRIBUCIÓN, ETC.
Lugar de publicación, distribución, etc. Madrid :
Nombre del editor, distribuidor, etc. Estanislao Maestre,
Fecha de publicación, distribución, etc. 1920.
300 ## - DESCRIPCIÓN FÍSICA
Extensión 48 p. ;
Dimensiones 22 cm.
500 ## - NOTA GENERAL
Nota general El historiador a quien esta Memoria se refiere es Ahmed, hijo de Jalid Amavin el Selani.
852 ## - LOCALIZACIÓN
Ubicación ES-MaACL
Número de control de estantería 1717-F-17
Holdings
Estatus retirado Estado de pérdida Estado de daño No para préstamo Colección Biblioteca de origen Biblioteca actual Ubicación en estantería Fecha de adquisición Fuente de adquisición Total de préstamos Signatura topográfica completa Código de barras Visto por última vez Precio de reemplazo Tipo de ítem Koha
        Colección de folletos Biblioteca del Ateneo de Madrid Biblioteca del Ateneo de Madrid Depósito folletos 17/01/2008     1717-F-17 1021552 23/02/2023 23/02/2023 Folleto